Η πληροφορική στην εκπαίδευση : πτυχιακή εργασία

Saved in:
Bibliographic Details
Main Author: Φράγκου, Ελένη-Μαρία
Corporate Author: Πανεπιστήμιο Αιγαίου Σχολή Κοινωνικών Επιστημών Τμήμα Κοινωνιολογίας
Other Authors: Κιτρίνου, Ελένη (Thesis advisor), Χτούρης, Σωτήρης Ν. (Thesis advisor), Παπάνης, Ευστράτιος Π., 1969- (Thesis advisor)
Format: Thesis Book
Language:Greek
Published: Μυτιλήνη : Πανεπιστήμιο Αιγαίου, Τμήμα Κοινωνιολογίας, 2006
Subjects:
Tags: Add Tag
No Tags, Be the first to tag this record!

MARC

LEADER 00000cam a2200000 i 4500
001 1/36871
008 061106s2006 gre d
035 |l 10085932 
040 |a GR-MY-UA  |b gre  |e aacr 
041 0 |a gre 
082 0 |a 371.334  |2 (22) 
100 1 |a Φράγκου, Ελένη-Μαρία. 
245 1 2 |a Η πληροφορική στην εκπαίδευση :  |b πτυχιακή εργασία /  |c Φράγκου Ελένη-Μαρία ; υπεύθυνοι καθηγητές Κιτρίνοτ Ε., Χτούρης Σ., Παπάνης Ε. 
260 |a Μυτιλήνη :   |b Πανεπιστήμιο Αιγαίου, Τμήμα Κοινωνιολογίας,   |c 2006 
300 |a 111 σ.;  |c 30 εκ. 
502 # # |a Πτυχιακή εργασία – Πανεπιστήμιο Αιγαίου, Λέσβος, 2006. 
504 |a Βιβλιογραφία: σ. 101-102 
650 0 0 |a Educational technology. 
650 0 0 |a Computer-assisted instruction. 
650 0 0 |a Teaching  |x Aids and devices. 
650 0 0 |a Audio-visual education. 
650 0 0 |a Dissertations, Academic  |z Greece. 
700 1 |a Κιτρίνου, Ελένη.  |4 ths 
700 1 |a Χτούρης, Σωτήρης Ν.  |4 ths 
700 1 |4 ths  |a Παπάνης, Ευστράτιος Π.,   |d 1969- 
710 2 |a Πανεπιστήμιο Αιγαίου  |b Σχολή Κοινωνικών Επιστημών  |b Τμήμα Κοινωνιολογίας. 
852 |a INST  |b LESVOS  |c DIATR  |e 20061106  |h 259  |p 005100035163  |q 005100035163  |t DIE  |y 23 
852 |a INST  |b LESVOS  |c DIATR  |e 20061106  |h 260  |p 005100035162  |q 005100035162  |t DIE  |y 23 
901 |a BIBL1-2006-3 
909 |a Λ  |b 129945 
909 |a Λ  |b 129946 
924 |a ΦΡΑΓΚΟΥ  |b ΕΛΕΝΗ-ΜΑΡΙΑ  |y ΛΕΣΒΟΣ  |z 2006-10 
970 |a ΜΑΡΙΝΑΤΟΥ  |b ΜΥΡΣΙΝΗ  |z 2006/11/06